Knowing Indonesia : Intersections of Self, Discipline and Nation.

Bibliographic Details
Main Author: Purdey, Jemma.
Format: eBook
Language:English
Published: Melbourne : Monash University Publishing, 2012.
Edition:1st ed.
Series:Monash Asia Series
Subjects:
Online Access:Click to View
LEADER 02234nam a22003973i 4500
001 EBC6978183
003 MiAaPQ
005 20240729202203.0
006 m o d |
007 cr cnu||||||||
008 240729s2012 xx o ||||0 eng d
020 |a 9781921867491  |q (electronic bk.) 
020 |z 9781921867484 
035 |a (MiAaPQ)EBC6978183 
035 |a (Au-PeEL)EBL6978183 
035 |a (OCoLC)1328134190 
040 |a MiAaPQ  |b eng  |e rda  |e pn  |c MiAaPQ  |d MiAaPQ 
082 0 |a 959.8 
100 1 |a Purdey, Jemma. 
245 1 0 |a Knowing Indonesia :  |b Intersections of Self, Discipline and Nation. 
250 |a 1st ed. 
264 1 |a Melbourne :  |b Monash University Publishing,  |c 2012. 
264 4 |c Ã2012. 
300 |a 1 online resource (174 pages) 
336 |a text  |b txt  |2 rdacontent 
337 |a computer  |b c  |2 rdamedia 
338 |a online resource  |b cr  |2 rdacarrier 
490 1 |a Monash Asia Series 
505 0 |a Intro -- Title Page -- Copyright -- Contents -- Contributors -- Introduction: Knowing Indonesia from Australia -- Morally Engaged: Herb Feith and the Study of Indonesia -- Ways of Knowing: Indonesia The Personal Journey of an Academic and Activist -- (Indonesian) History and its Uses: Theory, Lessons, Activism and Policy -- The Politics of Studying Indonesian Politics: Intellectuals, Political Research and Public Debate in Australia -- Contending Perspectives in the Australian Academy: A View from Indonesia -- Finding a Middle Way: The Future of Indonesian Studies in the Western Academy -- Shared Problems, Shared Interests: Reframing Australia-Indonesia Security Relations -- Index -- Back Cover. 
588 |a Description based on publisher supplied metadata and other sources. 
590 |a Electronic reproduction. Ann Arbor, Michigan : ProQuest Ebook Central, 2024. Available via World Wide Web. Access may be limited to ProQuest Ebook Central affiliated libraries.  
655 4 |a Electronic books. 
776 0 8 |i Print version:  |a Purdey, Jemma  |t Knowing Indonesia  |d Melbourne : Monash University Publishing,c2012  |z 9781921867484 
797 2 |a ProQuest (Firm) 
830 0 |a Monash Asia Series 
856 4 0 |u https://ebookcentral.proquest.com/lib/matrademy/detail.action?docID=6978183  |z Click to View